00427nam a2200109Ia 4500008004100000020001800041100001800059245013400077260003900211650002600250856004100276171212s9999 xx 000 0 und d a9781922064486 aBurton, T. L. cBurton, T. L.aThe Sound of William Barnes's Dialect Poemsb1. Poems of Rural Life in the Dorset Dialect, first collection (1844) bUniversity of Adelaide Pressc2013 aLanguage & Literature uhttp://jstor.org/stable/j.ctt1sq5x20